K súčasnému stavu bádania o dejinách slovenskej hudby

Bibliographic Details
Main Author: Rybarič, Richard, 1930-1989 (Author)
Format: Article
Language:Slovak

MARC

LEADER 00000nab a2200000uu 4500
001 vtls010883096
003 SK-MaSNL
005 20260303145104.0
008 230222|1958 xo |||||||||||||||||slo|
015 |a SNBRB 
035 |a (urnnbn)urn:nbn:sk:snk:ar-001vuf 
035 |a (uuid)df77273a-7abd-4de9-ae8a-a37bbca7ecbf 
035 |a urn:nbn:sk:snk-ab8epf 
040 |a SNKBUCL  |b slo  |c SNKBUCL  |e AACR2 
041 0 |a slo 
044 |a xo  |c SK 
100 1 |a Rybarič, Richard,  |d 1930-1989  |4 aut  |9 190994 
245 1 0 |a K súčasnému stavu bádania o dejinách slovenskej hudby  |c Richard Rybarič 
773 0 |t Slovenská hudba : revue pre hudobnú kultúru  |g Roč. 2, č. 11 (1958), s. 466-470 
954 |a odborná, vedecká literatúra pôvodná (slovenská)  |2 lita 
958 |a OND 
958 |a EUIPO 
958 |a article10 
999 |c 2000397  |d 2002327